<?xml version="1.0" encoding="UTF-8"?>
<collection xmlns="http://www.loc.gov/MARC21/slim">
  <record>
    <leader>00000nam  2200000   4500</leader>
    <controlfield tag="001">INLIS000000000016715</controlfield>
    <controlfield tag="005">20240122014857</controlfield>
    <datafield tag="035" ind1="#" ind2="#">
      <subfield code="a">0010-0124000032</subfield>
    </datafield>
    <controlfield tag="007">ta</controlfield>
    <controlfield tag="008">240122################|##########|#|##</controlfield>
    <datafield tag="084" ind1="#" ind2="#">
      <subfield code="a">R 025 PIM IV 2022</subfield>
    </datafield>
    <datafield tag="100" ind1=" " ind2="#">
      <subfield code="a">Lydia Gandini Triastuty</subfield>
    </datafield>
    <datafield tag="245" ind1="1" ind2="#">
      <subfield code="a">Sistem Informasi Kerjasama /</subfield>
      <subfield code="c">Lydia Gandini Triastuty</subfield>
    </datafield>
    <datafield tag="250" ind1="#" ind2="#">
      <subfield code="a">1</subfield>
    </datafield>
    <datafield tag="260" ind1="#" ind2="#">
      <subfield code="a">Jakarta :</subfield>
      <subfield code="b">Pusbangkom Pimnas dan Manajerial ASN,</subfield>
      <subfield code="c">2022</subfield>
    </datafield>
    <datafield tag="300" ind1="#" ind2="#">
      <subfield code="a">50 halaman ;</subfield>
      <subfield code="c">30 cm</subfield>
    </datafield>
    <datafield tag="650" ind1="#" ind2="4">
      <subfield code="a">Sistem Informasi</subfield>
    </datafield>
    <datafield tag="520" ind1="#" ind2="#">
      <subfield code="a">Dalam pelaksanaan tugas dan fungsi, Kementerian Koperasi dan Usaha Kecil dan Menengah memerlukan kolaborasi dengan berbagai pihak. Kolaborasi dituangkan dalam bentuk kerjsama baik berupa Nota Kesepahaman maupun Perjanjian Kerjasama. Pelayanan administrasi kerjasama yang sistematis, transparan dan dapat diakses oleh seluruh stakeholder terkait adalah kunci peningkatan kualitas pelayanan publik. Sistem Informasi Kerjasama merupakan layanan berbasis web yang dapat diakses oleh stakeholder yang memuat berbagai informasi terkait layanan administrasi kerjasama di lingkup Kementerian Koperasi dan UKM. Dengan pelaksanaan aksi perubahan berua Sistem Informasi Kerjasama ini diharapkan kualitas pelayanan kerjasama dapat meningkat menuju era keterbukaan pelayanan pemerintahan.</subfield>
    </datafield>
    <datafield tag="856" ind1="#" ind2="#">
      <subfield code="a">Perpustakaan LAN Pusat</subfield>
    </datafield>
    <datafield tag="990" ind1="#" ind2="#">
      <subfield code="a">R 025 PIM IV 2022</subfield>
    </datafield>
  </record>
</collection>
